[Event "PRO League Group Stage"]
[Site "chess.com INT"]
[Date "2018.03.07"]
[Round "9"]
[White "Flores Rios, Mauricio"]
[Black "Checa, Nicolas"]
[Result "1/2-1/2"]
[WhiteTitle "GM"]
[BlackTitle "IM"]
[WhiteElo "2529"]
[BlackElo "2486"]
[WhiteTeam "Minnesota Blizzard"]
[BlackTeam "Montclair Sopranos"]
[WhiteFideId "3408027"]
[BlackFideId "2069342"]
[EventDate "2018.01.18"]

1. d4 d5 2. c4 c6 3. Nf3 Nf6 4. Qb3 e6 5. g3 Nbd7 6. Bg2 Be7 7. O-O O-O 8. Nc3
b6 9. Bf4 Bb7 10. cxd5 Nxd5 11. Nxd5 exd5 12. Rfd1 Re8 13. Rac1 Bf6 14. Rd2 Qe7
15. h4 c5 16. dxc5 Nxc5 17. Qd1 Rac8 18. Bg5 Ne4 19. Bxf6 Qxf6 20. Rdc2 Rc5 21.
Qd4 Rec8 22. Qxf6 Nxf6 23. Nd4 Rxc2 24. Rxc2 Rxc2 25. Nxc2 Kf8 26. Nd4 g6 27.
Kf1 Ke7 28. Ke1 Kd6 29. Kd2 Kc5 30. e3 Ng4 31. f3 Ne5 32. Kc3 a5 33. Bf1 Nc4 34.
Nb3+ Kd6 35. Bxc4 dxc4 36. Nd2 Kc5 37. a4 Bc6 38. g4 h6 39. g5 hxg5 40. hxg5
Bxa4 41. Nxc4 Be8 42. f4 a4 43. Ne5 b5 44. Nd3+ Kd5 45. Nf2 1/2-1/2

[Event "PRO League Group Stage"]
[Site "chess.com INT"]
[Date "2018.03.07"]
[Round "9"]
[White "Perez, Maximiliano"]
[Black "Fedoseev, Vladimir3"]
[Result "1/2-1/2"]
[WhiteTitle "IM"]
[BlackTitle "GM"]
[WhiteElo "2399"]
[BlackElo "2724"]
[WhiteTeam "Buenos Aires Krakens"]
[BlackTeam "Saint Louis Arch Bishops"]
[WhiteFideId "117234"]
[BlackFideId "24130737"]
[EventDate "2018.01.18"]

1. e4 c5 2. Nf3 d6 3. d4 cxd4 4. Qxd4 h6 5. c4 Nc6 6. Qe3 Nf6 7. h3 e6 8. Nc3
Be7 9. Be2 d5 10. cxd5 exd5 11. exd5 Nxd5 12. Nxd5 Qxd5 13. O-O O-O 14. Rd1 Qc5
15. Qxc5 Bxc5 16. a3 Be6 17. b4 Bb6 18. Bb2 Rad8 19. Rxd8 Rxd8 20. Rd1 Rc8 21.
Rc1 Re8 22. Kf1 Bd5 23. Rd1 Be4 24. Rd7 Bf5 25. Rd5 Be6 26. Rd1 a6 27. Rc1 Bd5
28. Rd1 Rd8 29. Ne5 Nxe5 30. Bxe5 Kf8 31. g3 f6 32. Bb2 Ke7 33. Rc1 Be6 34. g4
Rd2 35. Bc3 Ra2 36. Ra1 Rc2 37. Be1 Bd4 38. Rd1 Be5 39. Bf3 b5 40. Bb7 Ra2 41.
Bxa6 Bb3 42. Rc1 Bc4+ 43. Kg2 Bd5+ 44. Kf1 Rxa3 45. Bxb5 Rxh3 46. Bc6 Be6 47. f3
Rh1+ 48. Kg2 Rh2+ 49. Kg1 Rb2 50. Bf2 Kd6 51. b5 Bb3 52. Be4 Ke6 53. Rc6+ Kf7
54. Rc1 Bf4 55. Rb1 Rxb1+ 56. Bxb1 Bd5 57. Be4 Ke6 58. Kg2 Bd2 59. Bc5 Ba5 60.
b6 Bxe4 61. fxe4 Kd7 62. b7 Kc7 63. Bf8 g5 64. e5 fxe5 65. Bxh6 e4 66. Bxg5 Kxb7
67. Kg3 Kc6 68. Kf4 Bd2+ 69. Kxe4 Bxg5 1/2-1/2

[Event "PRO League Group Stage"]
[Site "chess.com INT"]
[Date "2018.03.07"]
[Round "9"]
[White "Perez, Maximiliano"]
[Black "Proleiko, Julian"]
[Result "1-0"]
[WhiteTitle "IM"]
[WhiteElo "2399"]
[BlackElo "2119"]
[WhiteTeam "Buenos Aires Krakens"]
[BlackTeam "Saint Louis Arch Bishops"]
[WhiteFideId "117234"]
[BlackFideId "30900255"]
[EventDate "2018.01.18"]

1. e4 e5 2. Nf3 Nf6 3. d4 Nxe4 4. Bd3 d5 5. Nxe5 Nd7 6. Nxd7 Bxd7 7. O-O Bd6 8.
Nd2 Nxd2 9. Bxd2 O-O 10. Qh5 g6 11. Qh6 Qf6 12. c3 Rfe8 13. Bg5 Qg7 14. Qh4 Re6
15. f4 f5 16. Rae1 Rae8 17. Re5 c5 18. Rxd5 cxd4 19. Bc4 Kh8 20. Bh6 Qf6 21.
Qxf6+ Rxf6 22. cxd4 Bc6 23. Bg5 Rfe6 24. Re5 Bxe5 25. fxe5 b5 26. Bb3 h6 27.
Bxh6 R6e7 28. Bg5 Rd7 29. Bf6+ Kh7 30. Rf4 g5 31. Bxg5 Bd5 32. Bc2 Be6 33. Rxf5
Rc8 34. Rf2+ Kg8 35. Be3 Rf7 36. Rd2 Bxa2 37. h4 Bd5 38. h5 b4 39. h6 b3 40. Bg6
Re7 41. Bg5 Rec7 42. Bf6 Rh7 43. Bg7 a5 44. Bf5 Rc1+ 45. Kf2 a4 46. e6 Rxg7 47.
hxg7 Kxg7 48. e7 Kf7 49. Re2 Bc6 50. d5 Be8 51. d6 Rc5 52. g4 a3 53. bxa3 b2 54.
Rxb2 Rd5 55. Rb6 Kg7 56. Rb8 Bf7 57. Be6 Bxe6 58. e8=Q Bf7 59. Qf8+ Kg6 60. d7
Rd2+ 61. Ke3 Rxd7 62. Rb6+ Kg5 63. Qg7+ Kh4 64. Rh6+ Kg3 65. Qe5+ Kxg4 66. Qf4# 1-0

[Event "PRO League Group Stage"]
[Site "chess.com INT"]
[Date "2018.03.07"]
[Round "9"]
[White "Brattain, Mika"]
[Black "Rosenthal, Nicholas"]
[Result "1-0"]
[WhiteElo "2404"]
[BlackElo "2169"]
[WhiteTeam "Pittsburgh Pawngrabbers"]
[BlackTeam "Miami Champions"]
[WhiteFideId "2071142"]
[BlackFideId "2045150"]
[EventDate "2018.01.18"]

1. d4 e6 2. Nf3 d5 3. c4 c6 4. Qc2 Nf6 5. Nbd2 Nbd7 6. g3 Be7 7. Bg2 O-O 8. O-O
b6 9. b3 a5 10. Bb2 Bb7 11. e4 b5 12. c5 Nxe4 13. Nxe4 dxe4 14. Qxe4 Nf6 15. Qe2
Nd5 16. Ne5 Bf6 17. a4 bxa4 18. Rxa4 Ba6 19. Nc4 Bb5 20. Ra3 Qc7 21. Rfa1 Rfb8
22. Qd2 a4 23. Nd6 Be7 24. Nxb5 cxb5 25. bxa4 b4 26. Rb3 Qb7 27. a5 Bd8 28. a6
Rxa6 29. Rxa6 Qxa6 30. Bxd5 exd5 31. Rxb4 Ra8 32. Qf4 Qe2 33. Qe5 Qd1+ 34. Kg2
Ba5 35. Rb8+ 1-0

[Event "PRO League Group Stage"]
[Site "chess.com INT"]
[Date "2018.03.07"]
[Round "9"]
[White "Brattain, Mika"]
[Black "Quesada Perez, Yuniesky"]
[Result "0-1"]
[BlackTitle "GM"]
[WhiteElo "2404"]
[BlackElo "2627"]
[WhiteTeam "Pittsburgh Pawngrabbers"]
[BlackTeam "Miami Champions"]
[WhiteFideId "2071142"]
[BlackFideId "3504409"]
[EventDate "2018.01.18"]

1. e4 e5 2. Nf3 Nc6 3. d4 exd4 4. Nxd4 Bc5 5. Be3 Qf6 6. c3 Nge7 7. Bc4 b6 8.
O-O Bb7 9. f4 Qg6 10. f5 Qf6 11. b4 Bd6 12. Nd2 Ne5 13. Be2 a6 14. N2f3 h6 15.
Nxe5 Qxe5 16. Nf3 Qxe4 17. Bd4 O-O-O 18. Bd3 Qg4 19. Qc2 Nd5 20. Rae1 Rhe8 21.
Be4 Nf4 22. Bxb7+ Kxb7 23. Be5 Nd5 24. Bxd6 cxd6 25. Qd3 Qxg2+ 26. Kxg2 Nf4+ 27.
Kg3 Nxd3 28. Rd1 Re3 29. Rd2 Rc8 30. Rfd1 Rxc3 0-1

[Event "PRO League Group Stage"]
[Site "chess.com INT"]
[Date "2018.03.07"]
[Round "9"]
[White "Lee, Megan"]
[Black "Yu, Yangyi"]
[Result "0-1"]
[WhiteTitle "WIM"]
[BlackTitle "GM"]
[WhiteElo "2163"]
[BlackElo "2760"]
[WhiteTeam "Seattle Sluggers"]
[BlackTeam "Chengdu Pandas"]
[WhiteFideId "2029618"]
[BlackFideId "8603820"]
[EventDate "2018.01.18"]

1. e4 e6 2. d4 d5 3. Nc3 Bb4 4. exd5 exd5 5. Bd3 Nf6 6. Ne2 O-O 7. O-O Re8 8. a3
Bd6 9. Bf4 Bg4 10. f3 Bh5 11. Qd2 Nc6 12. Bxd6 Qxd6 13. Nf4 Bg6 14. Nxg6 hxg6
15. Ne2 Re7 16. Rae1 Rae8 17. c3 Na5 18. Ng3 c5 19. Bb5 Nb3 20. Qd1 Rxe1 21.
Rxe1 Rxe1+ 22. Qxe1 cxd4 23. Qd1 dxc3 24. Qxb3 Qb6+ 25. Kf1 cxb2 26. Qxb2 a6 27.
Ne2 axb5 28. Nd4 Qd6 29. Qxb5 Qxa3 30. Qxb7 Qa1+ 31. Ke2 Qxd4 32. Qc8+ Kh7 33.
Qh3+ Nh5 34. g4 Qe5+ 35. Kd1 Qe6 36. Qh4 d4 37. gxh5 Qb3+ 38. Kd2 Qc3+ 39. Ke2
Qe3+ 40. Kd1 Qxf3+ 41. Kc2 d3+ 42. Kc3 gxh5 43. Qe1 Qe2 0-1

[Event "PRO League Group Stage"]
[Site "chess.com INT"]
[Date "2018.03.07"]
[Round "9"]
[White "Lee, Megan"]
[Black "Chu, Ruotong"]
[Result "1-0"]
[WhiteTitle "WIM"]
[WhiteElo "2163"]
[BlackElo "2267"]
[WhiteTeam "Seattle Sluggers"]
[BlackTeam "Chengdu Pandas"]
[WhiteFideId "2029618"]
[BlackFideId "8605653"]
[EventDate "2018.01.18"]

1. e4 c5 2. Nf3 e6 3. d4 cxd4 4. Nxd4 Nc6 5. Nc3 Qc7 6. f4 a6 7. Nb3 b5 8. Bd3
Bb7 9. O-O d6 10. f5 Nf6 11. a3 Be7 12. Qf3 O-O 13. Qh3 exf5 14. Qxf5 Ne5 15.
Bg5 h6 16. Bh4 Ng6 17. Bg3 Qb6+ 18. Bf2 Qc7 19. Bd4 Bc8 20. Qf2 Be6 21. h3 Ne5
22. Nd2 Rac8 23. Rad1 Nfd7 24. Nf3 Nxf3+ 25. Qxf3 Bf6 26. Bxf6 Nxf6 27. Qg3 Qc5+
28. Kh1 Nh5 29. Qh4 Qe5 30. Rf3 g6 31. g4 Nf4 32. Qxh6 Nxd3 33. cxd3 Bb3 34.
Rdf1 a5 35. h4 b4 36. axb4 axb4 37. Ne2 Rc2 38. R1f2 Qxb2 39. h5 Qg7 40. Qxg7+
Kxg7 41. hxg6 Kxg6 42. Nf4+ Kg7 43. Ne6+ Kg8 44. Nxf8 Kxf8 45. Rxf7+ 1-0

[Event "PRO League Group Stage"]
[Site "chess.com INT"]
[Date "2018.03.07"]
[Round "9"]
[White "Brown, Michael William"]
[Black "Mamedyarov, Shakhriyar"]
[Result "0-1"]
[WhiteTitle "IM"]
[BlackTitle "GM"]
[WhiteElo "2506"]
[BlackElo "2804"]
[WhiteTeam "San Diego Surfers"]
[BlackTeam "San Jose Hackers"]
[WhiteFideId "2037602"]
[BlackFideId "13401319"]
[EventDate "2018.01.18"]

1. d4 d6 2. Nf3 g6 3. c4 Bg7 4. Nc3 Nf6 5. e4 O-O 6. Be2 Bg4 7. Be3 Nfd7 8. Rc1
c5 9. d5 Na6 10. O-O Nc7 11. h3 Bxf3 12. Bxf3 Re8 13. Be2 a6 14. Qd2 e6 15. Rfe1
exd5 16. exd5 Qh4 17. Bg4 Rxe3 18. Qxe3 Bd4 19. Qd2 Ne5 20. Nd1 f5 21. Be2 Rf8
22. Bf1 Ne8 23. Kh1 Nf6 24. g3 Qh5 25. Bg2 Ne4 26. Qe2 Qh6 27. Rc2 Bxf2 28. Qxf2
Nxf2+ 29. Nxf2 f4 30. g4 f3 31. Bf1 Rf4 32. Kg1 Qh4 33. Re4 Qg3+ 34. Kh1 Rxe4
35. Nxe4 Qe1 0-1

[Event "PRO League Group Stage"]
[Site "chess.com INT"]
[Date "2018.03.07"]
[Round "9"]
[White "Brown, Michael William"]
[Black "Ravuri, Vinesh"]
[Result "1-0"]
[WhiteTitle "IM"]
[WhiteElo "2506"]
[BlackElo "1990"]
[WhiteTeam "San Diego Surfers"]
[BlackTeam "San Jose Hackers"]
[WhiteFideId "2037602"]
[BlackFideId "45042632"]
[EventDate "2018.01.18"]

1. d4 Nf6 2. c4 g6 3. Nc3 Bg7 4. e4 O-O 5. Nf3 d6 6. Be2 e5 7. Be3 Ng4 8. Bg5 f6
9. Bh4 g5 10. Bg3 Nh6 11. d5 Nd7 12. Nd2 f5 13. exf5 Nf6 14. Nde4 Nxe4 15. Nxe4
Bxf5 16. Bd3 g4 17. O-O Nf7 18. Nc5 Bxd3 19. Ne6 Qf6 20. Qxd3 Rfc8 21. f3 Qg6
22. Qxg6 hxg6 23. fxg4 Nd8 24. Ng5 Bh6 25. Ne4 Nf7 26. Rf6 Kg7 27. Raf1 Be3+ 28.
Bf2 Bxf2+ 29. R1xf2 Rf8 30. Re6 1-0

[Event "PRO League Group Stage"]
[Site "chess.com INT"]
[Date "2018.03.07"]
[Round "9"]
[White "Sarana, Alexey"]
[Black "Hevia Alejano, Carlos Antonio"]
[Result "1-0"]
[WhiteTitle "GM"]
[BlackTitle "GM"]
[WhiteElo "2562"]
[BlackElo "2488"]
[WhiteTeam "Australia Kangaroos"]
[BlackTeam "Rio Grande Ospreys"]
[WhiteFideId "24133795"]
[BlackFideId "3508811"]
[EventDate "2018.01.18"]

1. d4 e6 2. Nf3 Nf6 3. Bf4 b6 4. e3 Bb7 5. Bd3 Be7 6. h3 c5 7. Nbd2 cxd4 8. exd4
O-O 9. O-O d6 10. Re1 Nbd7 11. Qe2 Re8 12. Bh2 a6 13. c4 d5 14. Rad1 dxc4 15.
Nxc4 Nf8 16. Nce5 Bb4 17. Rf1 b5 18. Ng5 Re7 19. a3 Ba5 20. Kh1 Bb6 21. Bb1 Rc8
22. Bg3 Ng6 23. f4 Qd5 24. f5 exf5 25. Rxf5 Bxd4 26. Ngf3 Bxe5 27. Nxe5 Qb3 28.
Rd3 Qe6 29. Re3 Rc1+ 30. Kh2 Rxb1 31. Nxg6 hxg6 32. Rxe6 Rxe6 33. Re5 Rc6 34.
Bh4 Rcc1 35. Bxf6 gxf6 36. Re8+ Kg7 37. Qe7 g5 38. Qf8+ Kg6 39. Qg8+ Kf5 40.
Qh7+ Kf4 41. g3+ Kf3 42. Qf5# 1-0

[Event "PRO League Group Stage"]
[Site "chess.com INT"]
[Date "2018.03.07"]
[Round "9"]
[White "Sarana, Alexey"]
[Black "Bortnyk, Olexandr"]
[Result "1/2-1/2"]
[WhiteTitle "GM"]
[BlackTitle "GM"]
[WhiteElo "2562"]
[BlackElo "2610"]
[WhiteTeam "Australia Kangaroos"]
[BlackTeam "Rio Grande Ospreys"]
[WhiteFideId "24133795"]
[BlackFideId "14120828"]
[EventDate "2018.01.18"]

1. d4 Nf6 2. c4 b6 3. Nf3 Bb7 4. g3 g6 5. Nc3 Bg7 6. d5 O-O 7. Bg2 Re8 8. O-O e5
9. e4 d6 10. Ne1 a5 11. Nd3 Na6 12. Be3 Bc8 13. a3 Nc5 14. Qc2 Ng4 15. Bd2 Nxd3
16. Qxd3 a4 17. h3 Nf6 18. Rae1 Nd7 19. Qc2 Nc5 20. Be3 Bd7 21. f4 exf4 22. gxf4
Qh4 23. Nb5 Rac8 24. Bf2 Qh6 25. Bxc5 bxc5 26. Qxa4 Bxb2 27. Qb3 Bg7 28. a4 Qh4
29. Kh2 f5 30. Qg3 Qxg3+ 31. Kxg3 fxe4 32. Bxe4 Rf8 33. Bc2 Rf7 34. h4 Bh6 35.
a5 Rcf8 36. a6 Bxf4+ 37. Kg2 Ra8 38. Nxc7 Ra7 39. Ra1 Be5 40. Rxf7 Kxf7 41. Ra2
Bc8 42. h5 gxh5 43. Bxh7 Rxc7 44. a7 Bb7 45. a8=Q Bxa8 46. Rxa8 Kf6 47. Be4 Rg7+
48. Kf2 Rg4 49. Ke3 h4 50. Rh8 Bd4+ 51. Kd3 Rg3+ 52. Kd2 Rh3 53. Rh5 Be5 54. Ke2
Rh2+ 55. Kf3 Bg3 56. Rf5+ Ke7 57. Rh5 Rd2 58. Ke3 Rd4 59. Bd3 Kf6 60. Rf5+ Ke7
61. Rh5 Bf4+ 62. Ke2 Be5 63. Ke3 Kf6 64. Rf5+ Kg7 65. Rh5 Bf4+ 66. Ke2 Bh6 67.
Rf5 Rg4 68. Rh5 Bg5 69. Rh7+ Kf6 70. Kf1 Ke5 71. Be2 Rg3 72. Rf7 Be3 73. Ke1 h3
74. Rh7 Kd4 75. Bf1 Rg4 76. Rxh3 Rf4 77. Be2 Re4 78. Kd1 Kc3 79. Bf1 Kd4 80. Kc2
Rf4 81. Be2 Rf2 82. Kd1 Rg2 83. Bf1 Rd2+ 84. Ke1 Rc2 85. Rh4+ Kc3 86. Rh3 Kd4
87. Rh4+ Ke5 88. Bd3 Bf2+ 89. Kd1 Rc3 90. Re4+ Kf6 91. Kd2 Bd4 92. Re6+ Kf7 93.
Rxd6 Ra3 94. Re6 Ra2+ 95. Kd1 Rh2 96. Bg6+ Kg7 97. Ke1 Bf6 98. Be4 Rh5 99. d6
Re5 100. Rxe5 Bxe5 101. d7 Bf6 102. Ke2 Kf7 103. Bc6 Ke7 104. Bb5 Kd8 105. Kf3
Bd4 106. Ke4 Bg1 107. Kd5 Bd4 108. Kd6 1/2-1/2

[Event "PRO League Group Stage"]
[Site "chess.com INT"]
[Date "2018.03.07"]
[Round "9"]
[White "Villanueva, Mario"]
[Black "Rambaldi, Francesco"]
[Result "0-1"]
[WhiteTitle "IM"]
[BlackTitle "GM"]
[WhiteElo "2466"]
[BlackElo "2563"]
[WhiteTeam "Buenos Aires Krakens"]
[BlackTeam "Saint Louis Arch Bishops"]
[WhiteFideId "113433"]
[BlackFideId "20657307"]
[EventDate "2018.01.18"]

1. d4 d5 2. c4 e6 3. Nc3 Nf6 4. cxd5 exd5 5. Bg5 c6 6. e3 Be7 7. Bd3 O-O 8. Nf3
Nbd7 9. O-O Re8 10. Qc2 g6 11. h3 Nh5 12. Bxe7 Qxe7 13. Rfe1 Nb6 14. Rab1 Ng7
15. b4 Bf5 16. b5 c5 17. dxc5 Qxc5 18. Nd4 Rac8 19. Rbc1 Bxd3 20. Qxd3 Ne6 21.
Nxe6 fxe6 22. Ne2 Nc4 23. Nf4 Qf8 24. Qd4 Qf7 25. Nd3 Rf8 26. Rc2 b6 27. e4 Rfd8
28. exd5 exd5 29. Rce2 Rd7 30. Ne5 Nxe5 31. Rxe5 Rf8 32. g3 Rfd8 33. h4 Rf8 34.
h5 Qf6 35. f4 gxh5 36. Rg5+ Rg7 37. Qxd5+ Kh8 38. Ree5 h4 39. Ref5 Rxg5 40. Rxf6
Rxg3+ 41. Kh2 Rxf6 42. Qe5 Kg7 43. Qe7+ Rf7 44. Qxh4 Rg6 45. Qf2 Rf5 46. Qd4+
Kh6 47. Qd1 Rh5+ 0-1

[Event "PRO League Group Stage"]
[Site "chess.com INT"]
[Date "2018.03.07"]
[Round "9"]
[White "Villanueva, Mario"]
[Black "Ramirez, Alejandro"]
[Result "1/2-1/2"]
[WhiteTitle "IM"]
[BlackTitle "GM"]
[WhiteElo "2466"]
[BlackElo "2568"]
[WhiteTeam "Buenos Aires Krakens"]
[BlackTeam "Saint Louis Arch Bishops"]
[WhiteFideId "113433"]
[BlackFideId "6500617"]
[EventDate "2018.01.18"]

1. d4 Nf6 2. c4 c5 3. Nf3 cxd4 4. Nxd4 Nc6 5. Nc3 g6 6. g3 d6 7. Bg2 Bd7 8. Nc2
Bg7 9. O-O Qc8 10. b3 Bh3 11. Bb2 h5 12. Nd5 h4 13. Nxf6+ exf6 14. Qxd6 hxg3 15.
Qxg3 Bxg2 16. Kxg2 Rh5 17. f4 Kf8 18. Ne3 Kg8 19. Nd5 Qe6 20. Qf3 Rc8 21. e4 f5
22. Bxg7 Kxg7 23. exf5 Qxf5 24. Kh1 Rch8 25. Rf2 Rh3 26. Qe2 Nd4 27. Qb2 Qe4+
28. Kg1 Rg3+ 29. Rg2 Rxg2+ 30. Qxg2 Nf3+ 31. Kh1 Qd4 32. Rf1 Rxh2+ 33. Qxh2 Nxh2
34. Kxh2 Qd2+ 35. Kg3 Qxa2 36. Rf3 a5 37. f5 gxf5 38. Ne3 a4 39. Nxf5+ Kf8 40.
bxa4 Qxc4 41. Rf4 Qc5 42. Kg4 f6 43. Ng3 Ke7 44. Nf5+ Kf7 45. Ng3 Qc8+ 46. Kf3
Kg6 47. Ne4 f5 48. Ng3 Qc3+ 49. Kf2 Kg5 50. Rxf5+ Kg4 51. Rg5+ Kh4 52. Rh5+ Kg4
53. Rg5+ Kh4 54. Rh5+ Kg4 1/2-1/2

[Event "PRO League Group Stage"]
[Site "chess.com INT"]
[Date "2018.03.07"]
[Round "9"]
[White "Heimann, Mark"]
[Black "Rosenthal, Nicholas"]
[Result "1-0"]
[WhiteTitle "FM"]
[WhiteElo "2363"]
[BlackElo "2169"]
[WhiteTeam "Pittsburgh Pawngrabbers"]
[BlackTeam "Miami Champions"]
[WhiteFideId "2028441"]
[BlackFideId "2045150"]
[EventDate "2018.01.18"]

1. Nf3 e6 2. g3 d5 3. Bg2 Nf6 4. O-O c6 5. b3 Nbd7 6. Bb2 Bd6 7. d3 O-O 8. Nbd2
e5 9. e4 b6 10. exd5 cxd5 11. c4 Bb7 12. cxd5 Bxd5 13. Nc4 Qe7 14. Re1 Rad8 15.
Nfxe5 Bxe5 16. Nxe5 Bxg2 17. Kxg2 Nxe5 18. Bxe5 Qb7+ 19. Kg1 Nd5 20. Qg4 f6 21.
Bb2 a5 22. Qe6+ Rf7 23. Ba3 g6 24. Rac1 Kg7 25. h4 Rfd7 26. h5 Rf7 27. Re4 Qd7
28. Bb2 Qxe6 29. Rxe6 gxh5 30. Rc4 Kg6 31. Rd4 Rdd7 32. a3 Kg7 33. Kg2 Kf8 34.
Rh4 Rfe7 35. Rxe7 Kxe7 36. Rxh5 Ke6 37. Kf3 Rc7 38. Bd4 Rc1 39. Rxh7 Rb1 40. b4
axb4 41. axb4 Rxb4 42. Be3 Rb3 43. Ke4 f5+ 44. Kf3 Rxd3 45. Ke2 Rb3 46. Bd4 b5
47. Rh6+ Ke7 48. Bc5+ Kf7 49. Bd4 Rb4 50. Kd3 Rb3+ 51. Kc2 Rb4 52. Be5 Re4 53.
Bb2 Re2+ 54. Kb3 Rxf2 55. Rd6 Rf3+ 56. Kc2 Ne3+ 57. Kb1 Rf1+ 58. Bc1 Rg1 59. Rd3
Nc4 60. Kc2 Ke6 61. Bf4 Re1 62. Kc3 Re4 63. Rd8 Nb6 64. Rd6+ Kf7 65. Rxb6 Re1
66. Rxb5 Kg6 67. Kd2 Re8 68. Re5 Rd8+ 69. Ke2 Ra8 70. Re6+ Kh5 71. Rh6+ Kg4 72.
Rh4# 1-0

[Event "PRO League Group Stage"]
[Site "chess.com INT"]
[Date "2018.03.07"]
[Round "9"]
[White "Heimann, Mark"]
[Black "Quesada Perez, Yuniesky"]
[Result "1-0"]
[WhiteTitle "FM"]
[BlackTitle "GM"]
[WhiteElo "2363"]
[BlackElo "2627"]
[WhiteTeam "Pittsburgh Pawngrabbers"]
[BlackTeam "Miami Champions"]
[WhiteFideId "2028441"]
[BlackFideId "3504409"]
[EventDate "2018.01.18"]

1. e4 c5 2. Nf3 Nc6 3. d4 cxd4 4. Nxd4 e6 5. Nb5 d6 6. Bf4 e5 7. Be3 Nf6 8. Bg5
a6 9. N5c3 Be6 10. a4 Be7 11. Nd2 O-O 12. Bxf6 Bxf6 13. Nc4 Nd4 14. Ne3 Bg5 15.
Ncd5 f5 16. exf5 Bxd5 17. Nxd5 Qa5+ 18. Nc3 Rac8 19. Bd3 Rxc3 20. bxc3 Qxc3+ 21.
Kf1 d5 22. h4 Bh6 23. Rh3 Qc5 24. c3 Nc6 25. Qb3 Rf7 26. Qa3 Qb6 27. Rb1 Qa5 28.
Qd6 e4 29. Be2 Bd2 30. Qe6 Nd8 31. Qe5 Qc5 32. c4 e3 33. Qxd5 Qxd5 34. cxd5 Rxf5
35. Rf3 Re5 36. d6 1-0

[Event "PRO League Group Stage"]
[Site "chess.com INT"]
[Date "2018.03.07"]
[Round "9"]
[White "Gunnarsson, Jon Viktor"]
[Black "Smeets, Jan"]
[Result "0-1"]
[WhiteTitle "IM"]
[BlackTitle "GM"]
[WhiteElo "2466"]
[BlackElo "2608"]
[WhiteTeam "Reykjavik Puffins"]
[BlackTeam "Amsterdam Mosquitoes"]
[WhiteFideId "2300931"]
[BlackFideId "1007246"]
[EventDate "2018.01.18"]

1. e4 c5 2. Nf3 d6 3. d4 cxd4 4. Nxd4 Nf6 5. Nc3 a6 6. Nb3 e6 7. g4 h6 8. Bg2
Nc6 9. Be3 Ne5 10. h3 g5 11. Qe2 Ng6 12. O-O-O Nd7 13. Kb1 Qc7 14. Bd4 Rg8 15.
a4 Nf4 16. Qf1 b6 17. Bf3 Ne5 18. Be2 Be7 19. f3 Neg6 20. Qf2 Rb8 21. Rd2 h5 22.
Bd1 Bd7 23. gxh5 Nxh5 24. Be2 Qb7 25. Rhd1 Nhf4 26. Bf1 b5 27. a5 Rc8 28. Ne2
Nxe2 29. Bxe2 e5 30. Bb6 Rc6 31. c4 bxc4 32. Nc5 Rxc5 33. Bxc5 c3 34. Rc2 dxc5
35. Rxc3 Nf4 36. Bc4 Bb5 37. Rb3 Ne6 38. Bd5 Qc7 39. Rc1 Nd4 40. Ra3 Rh8 41. Qg2
Kf8 42. Rh1 Rh4 43. Rc1 Rf4 44. Rac3 Qxa5 45. Rxc5 Bxc5 0-1

[Event "PRO League Group Stage"]
[Site "chess.com INT"]
[Date "2018.03.07"]
[Round "9"]
[White "Gunnarsson, Jon Viktor"]
[Black "Duijn, Rob"]
[Result "1-0"]
[WhiteTitle "IM"]
[WhiteElo "2466"]
[BlackElo "2180"]
[WhiteTeam "Reykjavik Puffins"]
[BlackTeam "Amsterdam Mosquitoes"]
[WhiteFideId "2300931"]
[BlackFideId "1014501"]
[EventDate "2018.01.18"]

1. e4 c6 2. Nf3 d5 3. Nc3 e6 4. d4 Nf6 5. Bd3 dxe4 6. Nxe4 Nxe4 7. Bxe4 Nd7 8.
O-O Nf6 9. Bd3 h6 10. c4 Bd6 11. Re1 Qc7 12. b3 b6 13. Bb2 Bb7 14. h3 Rd8 15.
Qe2 Qe7 16. Rad1 Bb8 17. Ne5 O-O 18. Bb1 Qc7 19. Qc2 Rfe8 20. c5 Rd5 21. b4 bxc5
22. dxc5 Red8 23. Nf3 Kf8 24. Rxd5 Rxd5 25. a4 Qd7 26. Bc3 Ba6 27. Qb2 Qd8 28.
b5 Bb7 29. Ne5 Bxe5 30. Bxe5 Rd1 31. Bd6+ Rxd6 32. cxd6 Qxd6 33. b6 a6 34. Qc2
g6 35. a5 Qd4 36. Qc1 Kg7 37. Qe3 Qb4 38. Qe5 c5 39. Rc1 Bd5 40. Bd3 Qxa5 41.
Rb1 Qd2 42. Bxa6 Qc2 43. Qb2 Qe4 44. f3 Qe3+ 45. Qf2 Qa3 46. Bf1 Bb7 47. Qb2
Qe3+ 48. Qf2 Qc3 49. Rb5 c4 50. Qc5 Qe1 51. Qf2 Qc3 52. Rc5 Ba6 53. Rc7 Nd5 54.
Ra7 Bc8 55. b7 Bxb7 56. Rxb7 Qe5 57. Bxc4 Ne3 58. Bf1 g5 59. Qb2 Qxb2 60. Rxb2
Nd5 61. Kf2 Nf4 62. Rb7 Kg6 63. Bc4 f6 64. g3 Nxh3+ 65. Kg2 g4 66. f4 e5 67. Be6
f5 68. Rb6 exf4 69. Bd7+ Kg5 70. Rb5 f3+ 71. Kh2 h5 72. Rxf5+ Kg6 73. Ra5 Ng5
74. Be8+ Kh6 75. Ra6+ Kg7 76. Bxh5 Ne4 77. Bxg4 f2 78. Kg2 Nxg3 79. Kxf2 Ne4+
80. Ke3 Nf6 81. Bf5 Nd5+ 82. Kf3 Nf6 83. Kf4 Nd5+ 84. Kg5 Ne3 85. Be4 Kf7 86.
Kf4 Nd1 87. Bd5+ Ke7 88. Ke5 Nc3 89. Ra7+ Kd8 90. Bc4 Kc8 91. Kd6 Ne4+ 92. Kc6
Kd8 93. Bd3 Nf6 94. Bf5 Ke8 95. Kd6 Kf8 96. Ke6 Nh5 97. Rh7 Ng7+ 98. Kf6 Ne8+
99. Kg6 Nd6 100. Be6 Ke8 101. Kf6 Ne4+ 102. Ke5 Ng5 103. Rg7 Nf3+ 104. Kd6 Kf8
105. Rg8# 1-0

[Event "PRO League Group Stage"]
[Site "chess.com INT"]
[Date "2018.03.07"]
[Round "9"]
[White "Abdrlauf, Elham"]
[Black "Boruchovsky, Avital"]
[Result "0-1"]
[BlackTitle "GM"]
[WhiteElo "2073"]
[BlackElo "2542"]
[WhiteTeam "Norway Gnomes"]
[BlackTeam "Estonia Horses"]
[WhiteFideId "1533533"]
[BlackFideId "2800055"]
[EventDate "2018.01.18"]

1. d4 Nf6 2. c4 e6 3. Nc3 Bb4 4. Nf3 d5 5. e3 O-O 6. Bd3 b6 7. O-O Bxc3 8. bxc3
Ba6 9. cxd5 exd5 10. Ba3 Re8 11. Ne5 Bxd3 12. Qxd3 c5 13. Rad1 Qc7 14. c4 cxd4
15. exd4 Nbd7 16. Nxd7 Qxd7 17. c5 h6 18. cxb6 axb6 19. Rfe1 Rxe1+ 20. Rxe1 Qa4
21. Bd6 Qxa2 22. f3 Qc4 23. Qe3 Re8 24. Be5 Nd7 25. Qd2 Nxe5 26. dxe5 d4 27. h3
b5 28. f4 d3 29. Rc1 Qd5 30. Rb1 Rc8 31. Rb2 Rc4 32. Kh2 b4 33. Qf2 Qd4 34. Qd2
Qxf4+ 35. Qxf4 Rxf4 36. Kg3 Rd4 37. Rd2 b3 38. Kf3 b2 39. Rd1 d2 40. Ke2 Re4+ 0-1

[Event "PRO League Group Stage"]
[Site "chess.com INT"]
[Date "2018.03.07"]
[Round "9"]
[White "Abdrlauf, Elham"]
[Black "Ehlvest, Jaan"]
[Result "0-1"]
[BlackTitle "GM"]
[WhiteElo "2073"]
[BlackElo "2536"]
[WhiteTeam "Norway Gnomes"]
[BlackTeam "Estonia Horses"]
[WhiteFideId "1533533"]
[BlackFideId "4500016"]
[EventDate "2018.01.18"]

1. Nf3 d6 2. d4 g6 3. c4 Nd7 4. g3 Bg7 5. Bg2 Ngf6 6. O-O O-O 7. Nc3 e5 8. d5 a5
9. e4 Nc5 10. Re1 Ng4 11. h3 Nf6 12. Qc2 Nfd7 13. g4 f5 14. gxf5 gxf5 15. exf5
Nb6 16. Bg5 Qe8 17. f6 Bxf6 18. Bxf6 Rxf6 19. Kh2 Qh5 20. Ne4 Nxe4 21. Qxe4 Rf4
22. Qe2 Bg4 23. Rg1 Kh8 24. Kg3 Rg8 0-1